00531nam a2200193 a 450000100060000000300090000600800410001502000150005604000280007108200180009910000340011724500360015125000060018726000480019330000100024149000440025165000200029565000220031511560CO-ViMGA141112s2004 ck r 000 u spa d a9586121461 aCO-ViMGAbspacCO-ViMGA04aCo861.6 B87111 aBurgos López, Campo Ricardo10aLibro que contiene tres miradas a1 aSantafé de Bogotá, ccolcultura, c1993 a72 p. aPremios nacionales 93 - poesia triaequo14aMIRADA - POESIA14aPOESIA COLOMBIANA